| 000 | 00434cam a22001337a 4500 | ||
|---|---|---|---|
| 008 | 180718b1987 xxu||||| |||| 00| 0 eng d | ||
| 082 | _aB2 J599/87 | ||
| 100 | _aJohari, J.C. | ||
| 245 |
_aContemporary political theory(new dimensions,basic concepts and major trends) _cby J. C. Johari |
||
| 250 | _a2nd ed. | ||
| 260 |
_aNew Delhi _bSterling _c1987 |
||
| 500 | _aPart.1. The setting; Part.2. Major trends | ||
| 650 | _aPolitical science | ||
| 999 |
_c419713 _d419713 |
||